000 00409nam a22001817a 4500
003 CEME
005 20210628210250.0
008 210216b xxu||||| |||| 00| 0 eng d
020 _a969-0-00846-3
040 _c.
082 _a891.4393
100 _aRazia Butt
_91005
245 _aBano
260 _aLAHORE
_bFEROZE SONS
_c1995
300 _a381P
650 _aURDU ADAB-NOVEL
_920918
942 _cBK
_2ddc
999 _c583868
_d583868